So '80s Movies Quiz Stats

 Plays Quiz Updated Jan 31, 2019

Score 0/60 Timer 10:00
3 Plays Today
Hint Answer % Correct
'80s Movie by QuoteThe Karate Kid
79.7%
Action Stars by '80s MoviesSylvester Stallone
76.5%
'80s Movie by QuoteAirplane!
76.5%
Action Stars by '80s MoviesTom Cruise
76%
'80s Movie by QuoteBig
75.9%
'80s Movie by QuoteE.T.: The Extra-Terrestrial
71.2%
Action Stars by '80s MoviesMel Gibson
70.7%
'80s Movie by SongThe Breakfast Club
67.8%
Horror Franchises - 1st MovieA Nightmare on Elm Street
66.1%
'80s Movie by SongRocky III
65.2%
'80s Movie by SongDirty Dancing
64.1%
'80s Movie by SongTop Gun
63.3%
'80s Movie by QuoteThe Terminator
59.3%
Action Stars by '80s MoviesHarrison Ford
58.8%
Action Stars by '80s MoviesArnold Schwarzenegger
58.6%
'80s Movie by QuoteFerris Bueller's Day Off
50.3%
'80s Movie by QuoteSpaceballs
50.2%
Action Stars by '80s MoviesJean Claude Van Damme
48%
Horror Franchises - 1st MovieFriday the 13th
46.5%
'80s Movie by QuoteGhost Busters
45.7%
Action Stars by '80s MoviesDolph Lundgren
39.7%
'80s Movie by QuoteBeverly Hills Cop
36.7%
Action Stars by '80s MoviesChuck Norris
33.9%
Top 10 '1980s' Titles by Rating (IMDB)Back to the Future
32.5%
Top 10 '1980s' Titles by Rating (IMDB)Aliens
28.5%
Top 10 '1980s' Titles by Rating (IMDB)Raiders of the Lost Ark
28%
Top 10 '1980s' Titles by Rating (IMDB)Raging Bull
27.7%
Action Stars by '80s MoviesCarl Weathers
26.7%
Top 10 '1980s' Titles by Rating (IMDB)The Shining
24.1%
Oscars - Best PictureRain Man
24.1%
Hint Answer % Correct
Horror Franchises - 1st MovieThe Evil Dead
24.1%
Oscars - Best PicturePlatoon
23.3%
Oscars - Best PictureAmadeus
21.8%
Top 10 '1980s' Titles by Rating (IMDB)Amadeus
21.8%
Top 10 '1980s' Titles by Rating (IMDB)Star Wars: Episode V - The Empire Strikes Back
21.7%
'80s Movie by QuoteStand by Me
21.5%
Horror Franchises - 1st MovieHellraiser
21.2%
'80s Movie by SongDesperately Seeking Susan
19.9%
Oscars - Best PictureGandhi
17.2%
Oscars - Best PictureChariots of Fire
16.8%
Oscars - Best PictureOrdinary People
15.7%
Oscars - Best PictureTerms of Endearment
15.6%
Oscars - Best PictureOut of Africa
15.2%
Oscars - Best PictureDriving Miss Daisy
14.7%
Horror Franchises - 1st MoviePoltergeist
10.7%
Oscars - Best PictureThe Last Emperor
10.3%
Top 10 '1980s' Titles by Rating (IMDB)Once Upon a Time in America
10.2%
Horror Franchises - 1st MovieChild's Play
10.1%
'80s Movie by Song48 Hrs.
9.5%
Top 10 '1980s' Titles by Rating (IMDB)Das Boot
9%
'80s Movie by SongLabyrinth
8.1%
'80s Movie by SongHighlander
4.5%
Top 10 '1980s' Titles by Rating (IMDB)Cinema Paradiso
4.1%
'80s Movie by SongFirst Blood
3.9%
Action Stars by '80s MoviesMichael Dudikoff
3.9%
'80s Movie by SongBloodsport
3.6%
Horror Franchises - 1st MovieChildren of the Corn
3.2%
Horror Franchises - 1st MovieThe Howling
3%
Horror Franchises - 1st MovieCritters
2.6%
Horror Franchises - 1st MoviePuppetmaster
1.8%

You're not logged in!

Compare scores with friends on all Sporcle quizzes.
OR
Log In

Show Comments

Extras

Top Quizzes Today


Score Distribution

Your Account Isn't Verified!

In order to create a playlist on Sporcle, you need to verify the email address you used during registration. Go to your Sporcle Settings to finish the process.

Report this User

Report this user for behavior that violates our Community Guidelines.

Details: